000 01121nmm a2200325 a 4500
001 ocm0001256785
003 TR-IsHL
005 20201028160413.0
008 150709s2010 tu tur
007 cr cn
020 _a9789753555357
035 _a1256785
_b(N$T)
050 0 4 _aG480
_b.G87 2010
090 0 4 _aG480
_b.G87 2010
100 1 _aGürdoğan, Ersin Nazif
245 1 0 _aNew York'tan Los Angeles'e yeni Roma
_h[electronic resource] /
_cErsin Nazif Gürdoğan
250 _a3. basım
260 _aİstanbul :
_bİz Yayıncılık,
_c2010
300 _a128 p.
650 4 _aSpor, Seyahat ve Turizm
650 4 _aSports, Travel & Tourism
650 0 _aGürdoğan, Ersin Nazif
_xGeziler
650 0 _aGürdoğan, Ersin Nazif
_xVoyages
650 0 _aGeziler ve Seyahatler
650 0 _aVoyages and travels
650 0 _aAmerika Birleşik Devletleri
_xAçıklama ve seyahat
650 0 _aUnited States
_xDescription and travel
650 7 _aLITERARY COLLECTIONS / Middle Eastern
_2bisacsh
856 4 0 _uhttp://search.ebscohost.com/login.aspx?direct=true&scope=site&db=e011xww&AN=1256785
999 _c13584
_d13584